[Event "73rd RUS-ch Higher League 2020"]
[Site "Sochi"]
[Date "2020.10.10"]
[Round "3.10"]
[White "Paravyan, David"]
[Black "Zabotin, Alexander"]
[Result "1-0"]
[WhiteElo "2653"]
[BlackElo "2486"]
[Annotator "TA"]
[PlyCount "93"]
[EventDate "2020.10.08"]
[EventType "swiss"]
[EventCountry "RUS"]
[SourceTitle "playchess.com"]
[Source "ChessBase"]
[SourceQuality "1"]

{[%evp 14,93,33,32,76,38,45,39,35,49,89,106,135,143,141,132,147,122,127,141,125,132,148,122,170,170,176,138,147,146,133,144,145,131,162,154,156,108,149,142,156,142,155,156,169,155,162,33,144,168,399,118,117,115,356,481,470,459,488,488,471,466,427,406,610,587,4594,4447,29977,29978,29978,29979,29979,29977,29976,29978,29978,29979,29979,29980,29976,29972]} 1. e4 c5 2. Nf3 d6 3. d4 cxd4 4. Nxd4 Nf6 5. Nc3 a6 6. Be3 e6 7. g4 h6 8. h4 Nc6 {B81: Sicilian Scheveningen: Keres Attack.} 9. Nxc6 $5 {[%mdl 4] Leaves trodden paths.} bxc6 10. Qf3 h5 {White is slightly better.} 11. gxh5 {[#]} e5 $146 ({Predecessor:} 11... Nxh5 12. O-O-O Rb8 13. Bc4 Qf6 14. Qg2 Nf4 15. Qg5 e5 16. Qxf6 gxf6 17. Bxf4 exf4 {½-½ (61) Hou,Y (2609)-Ushenina,A (2500) Taizhou 2013}) 12. h6 g6 13. Bg5 $36 {[%mdl 2048] White is on the roll.} Be7 14. Rg1 Be6 15. Bh3 Bxh3 16. Qxh3 Qd7 17. Qd3 Qe6 18. O-O-O Nh5 19. Kb1 Nf4 20. Qd2 Nh3 21. Rg3 Nxg5 22. hxg5 O-O 23. Ne2 Kh7 24. f4 exf4 25. Qxf4 f5 26. Nd4 $1 {[%cal Rd4e6]} Qxe4 27. Qxe4 fxe4 28. Nxc6 Rae8 29. c4 Rf5 30. Rd5 (30. Nxe7 $18 Rxe7 31. Kc2 (31. Rxd6 e3 $11)) 30... Rf1+ ({Better is} 30... Bd8 $1 $14) 31. Kc2 $16 Bxg5 $2 (31... Rf2+ {was called for.} 32. Kc3 Rf3+ 33. Rxf3 exf3 34. Nxe7 f2) 32. Rgxg5 $2 (32. Rdxg5 $18 {and the rest is easy.} e3 33. Rxg6 Rf2+ 34. Kd3) 32... e3 {[#] aiming for ...e2.} 33. Nd4 $1 {[%cal Rd4e2] Hoping for Ne2.} Rf2+ $2 {This move loses the game for Black.} (33... e2 $16 34. Nxe2 Rxe2+ 35. Rd2 Rxd2+ 36. Kxd2 Rf2+ 37. Kc3 Rf3+ 38. Kd4 Rf2) 34. Kc3 $18 e2 {[#]} 35. Nxe2 $1 Rexe2 36. Rxd6 {[%mdl 4160] Endgame Double Attack. KRR-KRR} Rc2+ 37. Kb4 Rxb2+ 38. Kc5 Rb7 (38... Rxa2 $142 39. Rgxg6 Rf5+ 40. Kb4 Rb2+ 41. Kc3 Rb7 42. Rxa6 Rf3+ 43. Kd4 Rf4+ 44. Kd5 Rbf7) 39. Rdxg6 Rxa2 40. Kc6 Rab2 41. Rg7+ {White mates.} Rxg7 42. hxg7 {KR-KR} Kg8 43. Kd6 Rd2+ 44. Rd5 Rg2 45. c5 Rg6+ 46. Kc7 Rxg7+ 47. Kb6 {Accuracy: White = 77%, Black = 50%.} 1-0

[Event "73rd RUS-ch Higher League 2020"]
[Site "Sochi"]
[Date "2020.10.10"]
[Round "3.11"]
[White "Riazantsev, Alexander"]
[Black "Makarian, Rudik"]
[Result "1/2-1/2"]
[WhiteElo "2638"]
[BlackElo "2441"]
[Annotator "TA"]
[PlyCount "98"]
[EventDate "2020.10.08"]
[EventType "swiss"]
[EventCountry "RUS"]
[SourceTitle "playchess.com"]
[Source "ChessBase"]
[SourceQuality "1"]

{[%evp 12,98,30,25,24,37,46,35,48,22,27,12,27,20,37,-7,-13,-19,-14,-68,-61,-54,-53,-41,-42,-114,-101,-108,-91,-100,-117,-108,-51,-35,-29,-30,-9,-9,-11,-20,-10,-10,-14,-8,-8,-12,-10,-8,-8,-10,-8,-8,-8,-8,-8,-20,-22,-10,-13,-83,-9,-10,-9,-9,-9,-45,-45,-51,0,0,0,-50,-59,-72,0,0,0,0,0,0,0,0,0,0,0,0,0,0,0]} 1. d4 Nf6 2. c4 g6 3. Nc3 Bg7 4. e4 d6 5. Be2 O-O 6. Be3 Nc6 {[%cal Bb8c6,Bc6e5,Be5g4][%mdl 32]} 7. d5 Ne5 {E73: King's Indian: Averbakh Variation without 6...c5.} 8. f4 Neg4 9. Bd2 Nh6 {White is slightly better.} 10. Nf3 c6 {[#]} 11. a4 $146 ({Predecessor:} 11. O-O cxd5 12. cxd5 b5 13. Bd3 b4 14. Na4 Bd7 15. Kh1 Nh5 16. Rc1 Qa5 17. b3 {1-0 (62) Sokolov,I (2623)-Van Foreest,J (2615) Hoogeveen 2016}) 11... e6 12. dxe6 Bxe6 13. Ng5 Re8 14. O-O ({But not} 14. Nxe6 Rxe6 15. O-O Nxe4 $17) 14... Bg4 15. Bxg4 (15. Rf2 $11) 15... Qb6+ 16. Kh1 {[#] Hoping for Be2.} Nhxg4 17. Qe2 h6 18. Nxf7 (18. a5 $1 $15 Qc7 19. h3) 18... Kxf7 $17 19. h3 Qd4 {[%cal Rf6e4]} ({Of course not} 19... Qxb2 $6 20. hxg4 Qb6 21. e5 $11) 20. hxg4 {Rae1 is the strong threat.} Nxe4 21. Nxe4 Qxe4 (21... Rxe4 $17 22. Qf3 Qxc4) 22. Qf3 $15 Qxc4 23. f5 gxf5 24. Rac1 $132 {[%mdl 2048] White is fighting back} ({Don't play} 24. Qxf5+ Kg8 $17) 24... Qd5 25. Qxd5+ cxd5 26. Rxf5+ Ke6 27. Re1+ $1 Be5 {Strongly threatening ...Rg8.} 28. Bf4 {[%cal Rf4e5]} Kd7 29. Bxe5 dxe5 30. Rexe5 Rxe5 31. Rxe5 $11 {[%mdl 4096] Endgame KR-KR} Kd6 32. Rh5 Kc5 33. Kg1 Rg8 34. Rxh6 Rxg4 35. b3 (35. Rh7 $11 {remains equal.}) 35... Rg3 (35... b6 $17) 36. Rh3 Rg7 37. Kf2 d4 38. Rd3 Kd5 39. Kf3 Rf7+ ({Black should play} 39... a5 $15) 40. Ke2 Rg7 41. Kf3 a5 42. g4 {[#]} Re7 ({Better is} 42... Rh7 $1 $17) 43. Kf2 {The position is equal.} Ke4 44. Rg3 Rf7+ 45. Ke2 Rh7 46. g5 d3+ 47. Kd2 Rh2+ 48. Kc1 Kd4 {And now ...Kc3 would win.} 49. g6 {Black must now prevent g7.} Rh1+ {Accuracy: White = 81%, Black = 87%.} 1/2-1/2

[Event "73rd RUS-ch Higher League 2020"]
[Site "Sochi"]
[Date "2020.10.10"]
[Round "3.12"]
[White "Belyakov, Bogdan"]
[Black "Demchenko, Anton"]
[Result "1/2-1/2"]
[WhiteElo "2458"]
[BlackElo "2632"]
[Annotator "TA"]
[PlyCount "85"]
[EventDate "2020.10.08"]
[EventType "swiss"]
[EventCountry "RUS"]
[SourceTitle "playchess.com"]
[Source "ChessBase"]
[SourceQuality "1"]

{[%evp 10,85,22,10,28,25,33,11,42,37,29,23,62,41,66,50,51,55,77,75,70,69,74,55,35,31,29,22,33,0,19,13,20,24,19,26,18,3,38,39,110,109,127,127,121,100,83,79,73,64,79,75,73,75,90,2,16,13,210,8,8,8,16,1,2,5,3,3,8,8,5,5,8,8,8,0,0,0]} 1. e4 c6 2. d4 d5 3. e5 Bf5 4. Nd2 e6 5. Nb3 Nd7 6. Nf3 h6 {B12: Caro-Kann: Advance Variation.} 7. Be2 Ne7 8. a4 a5 9. O-O g5 10. Ne1 Rg8 $5 {[%mdl 4] Exploring less charted territory.} 11. Nd3 {[#]} b6 $146 ({Predecessor:} 11... Qc7 12. Bd2 Ng6 13. Rc1 f6 14. Re1 fxe5 15. Nxe5 Ngxe5 16. dxe5 c5 17. Bh5+ Kd8 18. Bg4 Be7 19. Bxf5 exf5 20. Bxa5 Rxa5 21. Qxd5 Rg6 22. Nxa5 {1-0 (22) Yandarbiev,R (2314)-Krupicka,J (2059) Prague 2018}) 12. Be3 Bh7 13. Rc1 Nf5 14. c4 dxc4 15. Rxc4 Rc8 16. Bd2 Nh4 17. Rc1 Be4 18. Ne1 Be7 19. Be3 Nf8 {[%cal Bd7f8,Bf8g6,Bg6f4][%mdl 32]} 20. Nd2 Bd5 21. Nb1 Nfg6 22. Nc3 Nf4 23. Nxd5 Nxd5 (23... Qxd5 {seems wilder.} 24. Bc4 Qe4 25. Qc2 Qxc2 26. Rxc2 Kd7) 24. Bd3 g4 ({Black should try} 24... Nf5 $14 25. Nc2 Qd7) 25. Bxh6 Nf5 26. Bxf5 $1 exf5 27. Qe2 f4 28. Nd3 {e6 is the strong threat.} f3 29. Qe4 {Hoping for e6.} Rg6 30. Be3 fxg2 31. Kxg2 Bg5 32. Bxg5 ({Better is} 32. Kh1 $16) 32... Qxg5 $11 33. Rg1 Re6 $2 {[#]} (33... Ke7 $11) 34. f4 $2 (34. Qxd5 $1 $18 {[%mdl 512]} cxd5 35. Rxc8+ Kd7 36. Rgc1) 34... Qh5 {The position is equal.} 35. f5 Rh6 {[#]} ({Reject} 35... Qh3+ $6 36. Kh1 $16) 36. h4 $1 {[%mdl 512] aiming for Qxd5!} Qxf5 $1 {[%mdl 64] Decoy} ({Much worse is} 36... Qxh4 $6 37. Rh1 $16) 37. Qxf5 Ne3+ 38. Kf2 Nxf5 39. Rxg4 {And now d5 would win.} Rd8 40. Rc4 Rxh4 41. Rxh4 Nxh4 42. Ke3 Nf5+ 43. Ke4 {Accuracy: White = 82%, Black = 76%.} 1/2-1/2

[Event "73rd RUS-ch Higher League 2020"]
[Site "Sochi"]
[Date "2020.10.10"]
[Round "3.13"]
[White "Zvjaginsev, Vadim"]
[Black "Saidov, Bilukhadzh"]
[Result "1-0"]
[WhiteElo "2617"]
[BlackElo "2259"]
[Annotator "TA"]
[PlyCount "69"]
[EventDate "2020.10.08"]
[EventType "swiss"]
[EventCountry "RUS"]
[SourceTitle "playchess.com"]
[Source "ChessBase"]
[SourceQuality "1"]

{[%evp 9,69,17,23,15,17,14,17,10,10,10,2,7,7,19,68,50,57,74,61,57,103,97,86,80,93,89,110,47,110,79,107,99,125,109,119,106,125,120,129,107,139,18,48,56,157,120,203,201,433,431,448,450,430,448,531,542,545,512,610,601,787,541]} 1. e4 c5 2. Nf3 e6 3. b3 d5 4. exd5 exd5 5. Bb5+ Nc6 6. O-O {B40: Sicilian: 2...e6, Unusual lines.} Nf6 7. Ba3 $5 {[%mdl 4] A promising side line.} Be7 8. d4 {The position is equal.} O-O 9. Bxc5 Bxc5 10. dxc5 Bg4 $1 11. Nc3 $36 {[%mdl 2048] [#] White has good play.} Ne7 $146 ({Predecessor:} 11... Rc8 12. Bxc6 Rxc6 13. Qd4 Bxf3 14. gxf3 b6 15. cxb6 Qxb6 16. Qd3 Rfc8 17. Na4 Qb4 {1-0 (35) Bergez,L (2426)-Vuilleumier,A (2109) Geneve 2001}) 12. h3 Bh5 13. Re1 Qc7 14. Na4 Rfd8 15. Be2 Ne4 16. Nd4 Bg6 17. Bf1 Rac8 18. b4 (18. Nb5 $16 Qf4 19. Qf3) 18... Nc6 (18... b6 $1 $14) 19. a3 Qf4 20. Qf3 Qh4 21. c3 h6 22. Qe3 Re8 23. Nxc6 bxc6 24. Qd4 {And now f3 would win.} Qg5 {[#]} 25. Ra2 (25. h4 $1 $16 {[%mdl 512]} Qf5 (25... Qxh4 26. f3) 26. b5) 25... Re6 26. Rae2 Bh5 (26... Rce8 $14) 27. Re3 $1 $16 Rf6 {[#]} (27... f5 $16 {might work better.}) 28. c4 $1 $18 Nxf2 $2 (28... Rxf2 29. cxd5 cxd5 30. Rxe4 Rxf1+ 31. Rxf1 dxe4) 29. cxd5 {White is clearly winning.} Rf4 {[#]} 30. Qe5 $1 {[%cal Re5g5] Threatens to win with Qxg5.} Rf5 31. Qg3 Qf6 32. d6 Qd4 33. Kh2 Bg6 34. Nc3 h5 35. Ne4 {Accuracy: White = 80%, Black = 43%.} 1-0

[Event "73rd RUS-ch Higher League 2020"]
[Site "Sochi"]
[Date "2020.10.10"]
[Round "3.14"]
[White "Shuvalova, Polina"]
[Black "Kobalia, Mikhail"]
[Result "1-0"]
[WhiteElo "2441"]
[BlackElo "2614"]
[Annotator "TA"]
[PlyCount "59"]
[EventDate "2020.10.08"]
[EventType "swiss"]
[EventCountry "RUS"]
[SourceTitle "playchess.com"]
[Source "ChessBase"]
[SourceQuality "1"]

{[%evp 14,59,20,-6,0,-36,-35,-23,-27,-29,-7,-15,0,0,0,-65,-14,-21,0,-11,0,0,0,0,0,-118,16,0,210,216,541,534,1195,5573,2985,2597,5506,5497,1993,2014,29984,29985,29985,29986,29978,1048,5581,2543]} 1. d4 d5 2. c4 c6 3. Nf3 Nf6 4. Nc3 e6 5. Bg5 h6 6. Bxf6 Qxf6 7. Qb3 a5 {[%cal Ba7a5,Ba5a4][%mdl 32]} 8. e4 {[%cal Rc4d5]} a4 {D43: Semi-Slav: 5 Bg5 h6.} 9. Qc2 {[%cal Re4d5]} dxe4 10. Nxe4 Bb4+ {Black has an edge.} 11. Kd1 Qd8 12. c5 O-O 13. a3 Ba5 {[#]} 14. Bd3 $146 (14. Qxa4 $11 b5 15. Qc2 (15. cxb6 Bb7 $11)) ({Predecessor:} 14. Qxa4 b5 15. cxb6 Bb7 16. Nc5 Qc8 17. Qb3 Nd7 18. Bd3 Rb8 19. Ke2 Ba8 20. Qc2 Bxb6 {1-0 (36) Shulman,Y (2632)-Shabalov,A (2569) Ledyard 2009}) 14... e5 (14... Bc7 $1 $15) 15. dxe5 Bg4 16. h3 $1 {[%cal Rh3g4]} Bxf3+ 17. gxf3 Nd7 18. f4 $36 {[%mdl 2048] White has good play.} Qh4 19. Qc4 (19. Qc1 $1 $11) 19... b6 (19... Kh8 $17 20. Ng3 Rad8) 20. Kc2 {And now Rag1 would win.} (20. Qxa4 $2 Nxc5 21. Nxc5 Qxf2 $19) 20... Nxc5 $2 {[#]} (20... Kh8 $1 $11 {and Black stays safe.} 21. Qd4 (21. Qxa4 $2 Qxf4 22. Rad1 Nxe5 $19) 21... Nxc5) 21. Rag1 $1 $18 {[%cal Rg1g4] Hoping for Rg4.} ({Not} 21. Nxc5 Qxf2+ 22. Kb1 bxc5 $15) 21... Rad8 $2 {[#]} (21... Nxd3 22. Qxd3 Rfd8) 22. Rg4 $1 {[%cal Rg4h4]} Qe7 23. Rhg1 Kh8 24. Rxg7 Rg8 25. Rxf7 Rxg1 26. Rxe7 {Intending Qf7 and mate.} Nb3 {[#]} 27. Rh7+ $3 {[%mdl 64] Decoy} Kxh7 28. Qf7+ Rg7 29. Nd6+ Kh8 {[#]} 30. Qf6 $1 {[%mdl 64] Double Attack. Accuracy: White = 87%, Black = 53%.} 1-0

[Event "73rd RUS-ch Higher League 2020"]
[Site "Sochi"]
[Date "2020.10.10"]
[Round "3.15"]
[White "Ibadov, Dashgyn"]
[Black "Pridorozhni, Aleksei"]
[Result "0-1"]
[WhiteElo "2296"]
[BlackElo "2596"]
[Annotator "TA"]
[PlyCount "58"]
[EventDate "2020.10.08"]
[EventType "swiss"]
[EventCountry "RUS"]
[SourceTitle "playchess.com"]
[Source "ChessBase"]
[SourceQuality "1"]

{[%evp 18,58,6,-15,-5,-23,-17,-16,48,39,70,70,35,-52,-69,-164,25,28,26,31,31,31,31,31,28,21,27,-93,-112,-179,-175,-171,-176,-206,-224,-244,-236,-227,-219,-350,-339,-474,-380]} 1. e4 e5 2. Nf3 Nc6 3. d4 exd4 4. Nxd4 Nf6 5. Nxc6 bxc6 6. e5 Qe7 7. Qe2 Nd5 8. c4 Nb6 9. Nd2 a5 10. g3 a4 {C45: Scotch Game.} 11. Bg2 Qe6 12. O-O Bb4 (12... Be7 $11) 13. Ne4 $14 Qxc4 14. Qg4 Kf8 {[#]} 15. Bh6 $146 (15. Qh5 $14) ({Predecessor:} 15. Be3 d5 16. Qd1 Ba6 17. Ng5 Be7 18. Rc1 Qb5 19. Qh5 Bxg5 20. Qxg5 h6 21. Qf4 {1-0 (27) Lantini,M (2190)-Di Fonzo,V (2230) Bratto 1997}) 15... gxh6 $15 16. Qh4 ({White should play} 16. Qf4 $15) 16... Ba6 $2 (16... Qe6 $1 $19 17. Nf6 Bd2) 17. Qxh6+ $11 Ke8 18. Rac1 Qe6 $1 {[%cal Re6h6]} ({But not} 18... Qxa2 $2 19. Nf6+ Kd8 20. Rfd1 $18) 19. Nf6+ Kd8 20. Rfd1 Kc8 $1 {...Bb7 is the strong threat.} ({Of course not} 20... Qxe5 $6 21. Nxd7 $1 {[%mdl 512]} Nxd7 22. Qxc6 $16) 21. Bh3 $1 {[%cal Rh3e6]} Qxe5 {White must now prevent ...Kb8.} 22. Nxd7 (22. Rxc6 $1 $11 Bb5 23. Rxb6 $1 {[%mdl 512]} cxb6 24. Nxd7) 22... Nxd7 $17 23. Rxd7 (23. Bxd7+ $17 {keeps fighting.} Kb8 24. Bxc6) 23... Kb8 $19 {And now ...Bd6 would win.} 24. Qxc6 {[#] aiming for Rd5.} Bd6 $1 25. Bg2 {[%csl Gg2][%cal Rc6a8]} Ra7 {Strongly threatening ...Bb5.} 26. Qxa4 Qe6 27. Bc6 Bb7 28. Qd4 (28. Qb3 $142) 28... Rf8 29. Bb5 Ra5 {Accuracy: White = 56%, Black = 86%.} 0-1

[Event "73rd RUS-ch Higher League 2020"]
[Site "Sochi"]
[Date "2020.10.10"]
[Round "3.16"]
[White "Yuffa, Daniil"]
[Black "Gaifullin, Artur"]
[Result "1/2-1/2"]
[WhiteElo "2583"]
[BlackElo "2440"]
[Annotator "TA"]
[PlyCount "200"]
[EventDate "2020.10.08"]
[EventType "swiss"]
[EventCountry "RUS"]
[SourceTitle "playchess.com"]
[Source "ChessBase"]
[SourceQuality "1"]

{[%evp 13,200,26,61,29,18,36,30,9,22,28,22,25,37,27,38,52,49,39,31,42,43,43,34,34,83,85,65,47,37,30,32,34,64,60,73,0,73,74,74,73,74,74,74,74,74,74,74,74,83,74,74,74,83,83,85,87,102,80,91,74,73,73,74,69,80,70,74,72,74,74,156,168,165,77,80,80,80,83,80,65,80,80,90,90,125,125,125,62,192,192,199,137,143,148,162,135,145,145,217,145,145,145,145,145,133,45,45,45,145,145,461,184,198,184,286,271,266,145,145,145,291,184,184,184,184,184,279,233,381,381,357,367,374,372,366,362,388,354,354,322,367,367,361,360,342,222,345,345,336,328,315,288,310,264,250,185,351,231,329,186,171,0,0,0,0,0,0,0,0,0,0,0,0,0,0,0,0,0,0,0,0,0,0,0,0,0,0,0,0]} 1. d4 d5 2. c4 e6 3. Nf3 Nf6 4. g3 dxc4 5. Bg2 a6 6. O-O Nc6 7. e3 Rb8 8. Qe2 {E04: Open Catalan: 5 Nf3.} b5 9. b3 cxb3 10. axb3 {White has an edge.} Bb7 11. Bd2 Be7 12. Rc1 O-O 13. Ne1 Nb4 14. Bxb4 Bxb4 15. Bxb7 Rxb7 16. Rxa6 Qd5 17. Qc2 Bxe1 18. Rxe1 b4 19. Nd2 e5 {[#]} 20. Qf5 $146 ({Predecessor:} 20. dxe5 Qxe5 21. Rc6 Rd8 22. Nf3 Qe4 23. Qxe4 Nxe4 24. Ra1 g6 25. Nd4 Rd6 26. Rxd6 Nxd6 {1-0 (84) Lei,T (2497)-Kosteniuk,A (2517) China 2019}) 20... Nd7 $1 21. Nc4 g6 $1 {[%cal Rg6f5]} 22. Qg4 h5 23. Qg5 Rb5 24. dxe5 (24. Nxe5 $1 $16 Nxe5 25. Qxe5) 24... Nxe5 (24... Nc5 $11 25. Rxg6+ fxg6 26. Qxg6+ Kh8 27. Qh6+ (27. Qxh5+ Kg7 $11) 27... Kg8) 25. Nxe5 $16 Qxe5 26. Qxe5 Rxe5 {[%mdl 4096] Endgame KRR-KRR} 27. Rc6 Rd8 28. Rxc7 Rd3 29. Rb1 Rb5 30. Rb2 Kg7 31. Kg2 Rb6 32. h3 Rd1 33. Rc4 Rd3 34. Kf3 Rd1 35. Rd4 Rc1 36. g4 hxg4+ 37. hxg4 g5 38. Ke4 Kg6 39. Kd3 Rd1+ 40. Rd2 Rc1 41. Ke4 {aiming for Rd6+.} Rcc6 (41... Rg1 $142) 42. Rc4 $1 Rf6 43. f4 (43. Kd3 $18 {has better winning chances.}) 43... gxf4 44. exf4 {f5+ is the strong threat.} Rfe6+ 45. Kf3 Re1 46. Rd3 Rb1 47. Rcd4 Kg7 48. g5 Rb5 49. Ke4 Rb8 50. Rd7 Re8+ (50... Rc8 $1 $14) 51. Kf5 $18 {Hoping for g6.} Rc8 52. Rb7 (52. Re7 $1 $18) 52... Rc5+ $16 53. Ke4 Re1+ 54. Kd4 Rc8 {Strongly threatening ...Rd8+.} 55. Rxb4 f5 (55... Rc7 $16 56. Rb6 Rd7+ 57. Kc3 Rc7+ 58. Kd2 Rf1) 56. gxf6+ Kxf6 57. Rc4 Rb8 58. Kc3 Kf5 59. Rd5+ (59. Rc5+ $16 Kg4 60. Kd2) 59... Ke6 $14 60. Rcd4 {Black must now prevent b4.} Rc1+ (60... Rb1 $1 $14) 61. Kb2 $1 $16 Re1 $2 {[%mdl 8192]} (61... Rf1 $16 {is more resistant.}) 62. Rd6+ $2 (62. Rd8 Rxd8 63. Rxd8) 62... Kf5 63. b4 Re3 (63... Rf1 $142 64. R6d5+ Kg4 65. Rg5+ Kf3) 64. R6d5+ $18 Kf6 65. Rc5 (65. b5 $18) 65... Re2+ $16 66. Kc3 Re1 (66... Re3+ $16 {keeps fighting.} 67. Kc2 Re2+ 68. Kd3 Rb2) 67. Rdd5 Rc1+ 68. Kd2 Rf1 69. Rf5+ Ke6 (69... Kg6 $142) 70. b5 $18 Rf3 (70... Rb1 $142 71. Kc2 Rb4) 71. Rce5+ Kd6 72. Re3 Rf2+ 73. Kc3 Rc8+ 74. Kd4 Rc1 75. Rd5+ Kc7 76. Ke5 Rcf1 77. Re4 Kb6 78. Rc4 Ka5 79. Kf5 Rf3 (79... Rh1 $142 80. Kf6 Rh6+ 81. Kg5 Rfh2) 80. Re5 R3f2 81. Rd4 Rf3 82. Kg5 Rg3+ {[#]} 83. Kf6 $1 Rg4 84. Kf5 Rg2 $2 (84... Rg8) 85. Red5 Rg8 (85... Rgf2 {was called for.} 86. Kg5 Rg1+ 87. Kf6 Rg8) 86. Ke6 (86. Rd8 $142 Rg7 87. Kf6) 86... Rf8 {[#]} 87. Rf5 $2 ({Only move:} 87. b6+ $1 $18 Kxb6 88. Rf5 Re1+ 89. Re5) 87... Re1+ $1 $11 {The position is equal.} 88. Re5 Re8+ $1 89. Kf5 Rf8+ $1 90. Kg4 Rg1+ 91. Kf3 Rf1+ 92. Ke3 Re1+ 93. Kd3 Rd1+ 94. Ke3 Re1+ 95. Kd2 Rxf4 $1 96. Rxe1 (96. Rxf4 {is interesting.} Rxe5 97. b6 Kxb6 98. Kc3 Rh5 99. Rb4+) 96... Rxd4+ 97. Kc3 Rh4 98. Re5 Kb6 99. Rg5 Rf4 100. Rh5 Rg4 {Blacks defense is rewarded with a draw. Accuracy: White = 73%, Black = 66%.} 1/2-1/2

[Event "73rd RUS-ch Higher League 2020"]
[Site "Sochi"]
[Date "2020.10.10"]
[Round "3.17"]
[White "Lintchevski, Daniil"]
[Black "Bimiev, Ahmad"]
[Result "*"]
[WhiteElo "2559"]
[BlackElo "2252"]
[Annotator "TA"]
[PlyCount "33"]
[EventDate "2020.10.08"]
[EventType "swiss"]
[EventCountry "RUS"]
[SourceTitle "playchess.com"]
[Source "ChessBase"]
[SourceQuality "1"]

{[%evp 16,33,19,9,47,23,12,23,32,0,0,-7,21,23,18,28,66,62,62,57]} 1. Nf3 Nf6 2. c4 c5 3. Nc3 Nc6 4. e3 e6 5. d4 d5 6. a3 cxd4 7. exd4 Be7 8. c5 Ne4 9. Qc2 Bf6 {B14: Caro-Kann: Panov-Botvinnik Attack with 5...e6 and 5...g6.} 10. Bb5 {was the old line (10.Bd3).} Bd7 11. Be3 {[#]} O-O $146 {White has an edge.} ({Predecessor:} 11... Nxc3 12. Qxc3 Qa5 13. Qxa5 Nxa5 14. Be2 Nb3 15. Rd1 a5 16. Rd3 a4 17. Rc3 Ke7 {½-½ (17) Schmied,A (2085)-Pettersen,J Copenhagen 2005}) 12. Bxc6 Bxc6 13. O-O Qc7 14. b4 Nxc3 15. Qxc3 Rfe8 16. a4 a6 17. Qb3 {Accuracy: White = 85%, Black = 57%.} *

[Event "73rd RUS-ch Higher League 2020"]
[Site "Sochi"]
[Date "2020.10.10"]
[Round "3.18"]
[White "Klimentov, Evgeny"]
[Black "Sviridov, Valery"]
[Result "1/2-1/2"]
[WhiteElo "2222"]
[BlackElo "2558"]
[Annotator "TA"]
[PlyCount "80"]
[EventDate "2020.10.08"]
[EventType "swiss"]
[EventCountry "RUS"]
[SourceTitle "playchess.com"]
[Source "ChessBase"]
[SourceQuality "1"]

{[%evp 9,80,53,51,51,49,43,55,51,42,35,35,39,25,18,31,33,34,23,19,0,25,0,0,0,0,-8,-7,-20,0,7,2,-15,16,10,43,0,0,6,2,-8,-6,-43,-53,-64,-32,-38,-40,-32,-13,-14,-20,-20,-18,-70,0,0,0,0,0,0,0,-30,-19,-19,0,0,0,0,0,0,0,0,0]} 1. e4 g6 2. d4 Bg7 3. Nf3 d6 4. Bc4 e6 5. O-O Ne7 6. c3 {B06: Modern Defence.} b6 7. Bb3 Bb7 8. Re1 {White is slightly better.} Nd7 9. Nbd2 O-O 10. Nf1 c5 11. Ng3 cxd4 12. cxd4 Rc8 13. Bf4 e5 14. Be3 Nc6 {[#]} 15. dxe5 $146 ({Predecessor:} 15. Bd5 Qc7 16. Rc1 Qb8 17. Qa4 exd4 18. Nxd4 Nxd4 19. Bxd4 Nc5 20. Qd1 Bh6 21. Rc3 Bxd5 22. exd5 {1-0 (33) Martirosyan,H (2617)-Sanduleac,V (2432) chess.com INT 2020}) 15... Ncxe5 16. Nxe5 Bxe5 17. Bd4 Nc5 18. Bd5 Ba6 19. Re3 Qe7 20. Ne2 {[%cal Bg3e2,Be2c3,Bc3d5][%mdl 32]} Rc7 {[%cal Bc8c7,Bc7c4,Bc4d4][%mdl 32]} 21. Nc3 Ne6 22. Bxe5 (22. Bxe6 $5 Qxe6 23. Bxe5 dxe5 24. Qa4 $11) 22... dxe5 23. Bxe6 Qxe6 24. Nd5 Rc4 25. Rc1 {[%cal Ba1c1,Bc1c7,Bc7b7][%mdl 32]} Rd4 $36 {[%mdl 2048] Black is more active.} 26. Qb3 {[#] Strongly threatening Rc6!} Bb7 27. Rc7 $1 {[%cal Rc7b7]} Bxd5 28. exd5 Qxd5 29. Qxd5 Rxd5 $15 {[%mdl 4096] Endgame KRR-KRR} 30. g3 a5 31. a4 (31. a3 $11) 31... f5 (31... b5 $1 $15 32. b3 b4) 32. Rb7 $11 Rc8 33. Rxb6 e4 34. Re2 Kg7 35. b4 axb4 36. Rxb4 {The position is equal.} Kf6 37. Kg2 Rc1 38. f3 exf3+ 39. Kxf3 Rd3+ 40. Kg2 Ra1 {Accuracy: White = 84%, Black = 85%.} 1/2-1/2